[Event "24. Erfurter Schachfestival 2014 - Amat"]
[Site "Erfurt"]
[Date "2014.12.27"]
[Round "2.1"]
[White "Wolf, Erasmus"]
[Black "Wolf, Tristan"]
[Result "0-1"]
[WhiteElo "1485"]
[BlackElo "1804"]
[PlyCount "75"]
[EventDate "2014.12.27"]
[EventRounds "7"]
[EventCountry "GER"]
[Source "24. ESF 2014"]
[SourceDate "2014.12.30"]

1. e4 c6 2. Nc3 d5 3. d4 dxe4 4. Nxe4 Bf5 5. Nc3 e6 6. Nf3 Nf6 7. Be3 h6 8. h3
Bd6 9. Bd3 Bxd3 10. Qxd3 Qc7 11. Ne4 Nxe4 12. Qxe4 Nd7 13. c4 Nf6 14. Qc2 O-O
15. O-O c5 16. dxc5 Bxc5 17. Bxc5 Qxc5 18. Rfd1 b5 19. b3 Rfc8 20. Rac1 Rc7 21.
Qb2 b4 22. Rd4 a5 23. Ra1 a4 24. bxa4 Rca7 25. Ne5 Rxa4 26. Nd3 Qf5 27. Re1 Qa5
28. Re5 Qa7 29. Nxb4 Rxb4 30. Qd2 Qxa2 31. Rd8+ Kh7 32. Qxb4 Rxd8 33. c5 Qa1+
34. Re1 Rd1 35. Rxd1 Qxd1+ 36. Kh2 Qd7 37. Qb6 Nd5 38. g3 0-1

[Event "24. Erfurter Schachfestival 2014 - Amat"]
[Site "Erfurt"]
[Date "2014.12.27"]
[Round "2.3"]
[White "Held, Gerd"]
[Black "Keller, Franz"]
[Result "1-0"]
[WhiteElo "1455"]
[BlackElo "1530"]
[PlyCount "67"]
[EventDate "2014.12.27"]
[EventRounds "7"]
[EventCountry "GER"]
[Source "24. ESF 2014"]
[SourceDate "2014.12.30"]

1. c4 c5 2. g3 d6 3. Nc3 Nc6 4. Bg2 Bd7 5. d3 Nf6 6. Nf3 e6 7. a3 Be7 8. O-O
O-O 9. b3 Rb8 10. Bb2 a6 11. e4 b5 12. Rb1 Rb6 13. cxb5 axb5 14. Qd2 b4 15.
axb4 Rxb4 16. Ba3 Rb6 17. Ne2 Qa8 18. Bc1 Qb7 19. e5 Nd5 20. d4 Rxb3 21. Rxb3
Qxb3 22. exd6 Bxd6 23. dxc5 Bxc5 24. Ned4 Qc4 25. Nxc6 Bxc6 26. Ne5 Qb5 27.
Nxc6 Qxc6 28. Bb2 Qd6 29. Rd1 Rd8 30. Qg5 g6 31. Bxd5 exd5 32. Be5 Qf8 33. Qf6
Bxf2+ 34. Kg2 1-0

[Event "24. Erfurter Schachfestival 2014 - Amat"]
[Site "Erfurt"]
[Date "2014.12.28"]
[Round "3.1"]
[White "Wolf, Tristan"]
[Black "Schmidt, Jörg"]
[Result "0-1"]
[WhiteElo "1804"]
[BlackElo "1652"]
[PlyCount "54"]
[EventDate "2014.12.27"]
[EventRounds "7"]
[EventCountry "GER"]
[Source "24. ESF 2014"]
[SourceDate "2014.12.30"]

1. Nf3 Nf6 2. g3 g6 3. Bg2 Bg7 4. O-O O-O 5. d4 d6 6. c4 Nbd7 7. Nc3 e5 8. d5
Nh5 9. e4 a5 10. Be3 b6 11. a3 Nc5 12. Bxc5 bxc5 13. Nb5 f5 14. Ne1 Rf7 15.
exf5 Bxf5 16. g4 Bxg4 17. Qxg4 Rf4 18. Qe6+ Kh8 19. Nd3 Rxc4 20. Rac1 Rh4 21.
Qf7 e4 22. Ne1 Qg5 23. Rc2 Rf8 24. Qxc7 Be5 25. f4 Bxf4 26. Rxf4 Qxf4 27. Qxd6
Qe3+ 0-1

[Event "24. Erfurter Schachfestival 2014 - Amat"]
[Site "Erfurt"]
[Date "2014.12.28"]
[Round "3.2"]
[White "Schmidt, Sergej"]
[Black "Hornung, Richard"]
[Result "1/2-1/2"]
[WhiteElo "1648"]
[BlackElo "1740"]
[PlyCount "105"]
[EventDate "2014.12.27"]
[EventRounds "7"]
[EventCountry "GER"]
[Source "24. ESF 2014"]
[SourceDate "2014.12.30"]

1. e4 c6 2. d4 d5 3. exd5 cxd5 4. Bd3 Nf6 5. c3 Qb6 6. Qc2 e6 7. Bf4 Bd6 8.
Bxd6 Qxd6 9. Nf3 b6 10. O-O O-O 11. Nbd2 Ba6 12. Bxa6 Nxa6 13. Qd3 Nc7 14. Ne5
Nd7 15. f4 f6 16. Nxd7 Qxd7 17. Rae1 Rae8 18. Rf3 Qb5 19. Qc2 Re7 20. Rfe3 Qd7
21. Nf3 Rfe8 22. Qe2 g6 23. g4 Qd6 24. f5 gxf5 25. gxf5 Qf4 26. fxe6 Qg4+ 27.
Qg2 Qxg2+ 28. Kxg2 Rxe6 29. Kf2 Rxe3 30. Rxe3 Rxe3 31. Kxe3 Ne6 32. Nh4 Kf7 33.
Nf5 a6 34. a4 Nc7 35. b3 Ke6 36. Kf4 b5 37. axb5 Nxb5 38. c4 dxc4 39. bxc4 Nc3
40. d5+ Nxd5+ 41. cxd5+ Kxd5 42. Ne3+ Kd4 43. h4 a5 44. Nc2+ Kc3 45. Na3 Kb3
46. Nb5 Kb4 47. Nd4 a4 48. Nc2+ Kc3 49. Na3 Kb3 50. Nb5 Kb4 51. Nd4 Kc4 52. Nc2
Kb3 53. Nd4+ 1/2-1/2

[Event "24. Erfurter Schachfestival 2014 - Amat"]
[Site "Erfurt"]
[Date "2014.12.28"]
[Round "3.5"]
[White "Schulz, Wolfgang"]
[Black "Held, Gerd"]
[Result "1-0"]
[WhiteElo "1683"]
[BlackElo "1455"]
[PlyCount "64"]
[EventDate "2014.12.27"]
[EventRounds "7"]
[EventCountry "GER"]
[Source "24. ESF 2014"]
[SourceDate "2014.12.30"]

1. e4 g6 2. Nf3 Bg7 3. d4 c5 4. c3 cxd4 5. cxd4 Nf6 6. Nc3 d6 7. Bc4 Nbd7 8.
Bxf7+ Kxf7 9. Ng5+ Kg8 10. e5 Nf8 11. exf6 Bxf6 12. O-O e6 13. Nf3 b6 14. d5 e5
15. Ne4 Bg4 16. h3 Bxf3 17. Qxf3 Kg7 18. Be3 Nd7 19. Nxd6 Rf8 20. Ne4 Bh4 21.
Qg4 h5 22. Qe6 Re8 23. Qc6 Nf6 24. Bg5 Rc8 25. Qa4 Bxg5 26. Nxg5 Qxd5 27. Qxa7+
Qd7 28. Qxd7+ Nxd7 29. Rac1 Nc5 30. Rfd1 e4 31. b4 Nd3 32. Rxc8 Rxc8 {[Event
"24. Erfurter Schachfestival Haupt"]} 1-0

[Event "24. Erfurter Schachfestival 2014 - Amat"]
[Site "Erfurt"]
[Date "2014.12.28"]
[Round "4.1"]
[White "Schmidt, Jörg"]
[Black "Schulz, Wolfgang"]
[Result "1-0"]
[WhiteElo "1652"]
[BlackElo "1683"]
[PlyCount "64"]
[EventDate "2014.12.27"]
[EventRounds "7"]
[EventCountry "GER"]
[Source "24. ESF 2014"]
[SourceDate "2014.12.30"]

1. Nc3 g6 2. e4 d6 3. Bc4 Nc6 4. a3 Be6 5. Bxe6 fxe6 6. Nf3 e5 7. d3 h6 8. Nh4
g5 9. Ng6 Rh7 10. Nxf8 Kxf8 11. Qf3+ Rf7 12. Qh5 e6 13. h4 Qf6 14. Be3 Nd4 15.
hxg5 hxg5 16. O-O-O Rg7 17. Rh3 Qg6 18. Qxg6 Rxg6 19. Rh7 Rg7 20. Rdh1 Rd8 21.
Rxg7 Kxg7 22. Bxg5 Rf8 23. f3 a6 24. Kd2 Rxf3 25. gxf3 Nxf3+ 26. Ke3 Nxg5 27.
Rg1 Kh6 28. Ne2 Kh5 29. Ng3+ Kh4 30. Nf1 Nf6 31. Nh2 Kh5 32. Nf3 Nh3 1-0

[Event "24. Erfurter Schachfestival 2014 - Amat"]
[Site "Erfurt"]
[Date "2014.12.29"]
[Round "5.3"]
[White "Keller, Franz"]
[Black "Wolf, Erasmus"]
[Result "0-1"]
[WhiteElo "1530"]
[BlackElo "1485"]
[PlyCount "34"]
[EventDate "2014.12.27"]
[EventRounds "7"]
[EventCountry "GER"]
[Source "24. ESF 2014"]
[SourceDate "2014.12.30"]

1. c4 e5 2. Nc3 Nf6 3. g3 Nc6 4. Bg2 Bc5 5. Nf3 d6 6. a3 a5 7. O-O Be6 8. b3
Qd7 9. e3 Bg4 10. Qc2 h6 11. Re1 O-O 12. Bb2 Rfe8 13. d3 Qf5 14. Nh4 Qh5 15. f3
Be6 16. g4 Qxh4 17. Bc1 Qxe1+ 0-1

[Event "24. Erfurter Schachfestival 2014 - Amat"]
[Site "Erfurt"]
[Date "2014.12.29"]
[Round "5.4"]
[White "Auerswald, Klaus"]
[Black "Held, Gerd"]
[Result "1-0"]
[WhiteElo "1821"]
[BlackElo "1455"]
[PlyCount "69"]
[EventDate "2014.12.27"]
[EventRounds "7"]
[EventCountry "GER"]
[Source "24. ESF 2014"]
[SourceDate "2014.12.30"]

1. e4 g6 2. d4 Bg7 3. Nc3 c5 4. dxc5 Qa5 5. Bd2 Qxc5 6. Nd5 Qc6 7. Bb5 Qd6 8.
Bb4 Qe5 9. Qd3 Kf8 10. Nf3 Qxb2 11. O-O Nc6 12. Ba3 Qxa1 13. Rxa1 Bxa1 14. c3
a6 15. Ba4 b5 16. Bb3 Na5 17. Ne1 Bb7 18. Nb6 Rd8 19. Nc2 Nxb3 20. axb3 Bxe4
21. Qxe4 Bxc3 22. Nd4 b4 23. Bc1 h5 24. Nd5 Rc8 25. Bg5 f6 26. Be3 e5 27. Nf3
f5 28. Qb1 Ne7 29. Nxc3 e4 30. Nxe4 fxe4 31. Qxe4 a5 32. h4 Nf5 33. Bg5 Re8 34.
Qd5 d6 35. Qxa5 1-0

[Event "24. Erfurter Schachfestival 2014 - Amat"]
[Site "Erfurt"]
[Date "2014.12.29"]
[Round "5.5"]
[White "Schmidt, Sergej"]
[Black "Timmermann, Helmut"]
[Result "0-1"]
[WhiteElo "1648"]
[BlackElo "1802"]
[PlyCount "47"]
[EventDate "2014.12.27"]
[EventRounds "7"]
[EventCountry "GER"]
[Source "24. ESF 2014"]
[SourceDate "2014.12.30"]

1. e4 d6 2. f4 g6 3. Nf3 Bg7 4. Bc4 e6 5. Bb3 Ne7 6. O-O O-O 7. d3 c6 8. Nc3
Nd7 9. Qe1 Nc5 10. Kh1 Nxb3 11. axb3 d5 12. Qh4 f6 13. Bd2 Kf7 14. Rf2 Rh8 15.
g4 h5 16. g5 f5 17. e5 b6 18. b4 Bb7 19. Ne2 c5 20. bxc5 bxc5 21. d4 Qb6 22. b3
Nc6 23. Rff1 c4 24. Rfb1 {Qc7

[Event "24. Erfurter Schachfestival 2014 - Amat"]
[Site "Erfurt"]
[Date "2014.12.29"]
[Round "6.3"]
[White "Timmermann, Helmut"]
[Black "Schmidt, Jörg"]
[Result "1/2-1/2"]
[WhiteElo "1802"]
[BlackElo "1652"]
[PlyCount "62"]
[EventDate "2014.12.27"]
[EventRounds "7"]
[EventCountry "GER"]
[Source "24. ESF 2014"]
[SourceDate "2014.12.30"]

1. e4 e5 2. Nf3 Nc6 3. Bb5 a6 4. Ba4 Nf6 5. d3 b5 6. Bb3 Bc5 7. O-O d6 8. h3 h6
9. c3 O-O 10. Bc2 Bb7 11. Qe2 Re8 12. Be3 Bxe3 13. fxe3 Ne7 14. Nbd2 Ng6 15.
Qf2 Qe7 16. Nh2 Rf8 17. Bb3 Kh7 18. Ndf3 Bc8 19. g4 Be6 20. Bc2 Rh8 21. Qg3 Kg8
22. h4 Qd7 23. h5 Nf8 24. Bd1 N8h7 25. Be2 Kf8 26. Nh4 Ke7 27. Nf5+ Bxf5 28.
exf5 Ng5 29. Nf3 Nfh7 30. Nd2 Rae8 31. e4 Rhg8 1/2-1/2

[Event "24. Erfurter Schachfestival 2014 - Amat"]
[Site "Erfurt"]
[Date "2014.12.29"]
[Round "6.5"]
[White "Wolf, Erasmus"]
[Black "Rasch, Wolfgang"]
[Result "0-1"]
[WhiteElo "1485"]
[BlackElo "1690"]
[PlyCount "55"]
[EventDate "2014.12.27"]
[EventRounds "7"]
[EventCountry "GER"]
[Source "24. ESF 2014"]
[SourceDate "2014.12.30"]

1. e4 e6 2. d4 d5 3. e5 c5 4. c3 Bd7 5. f4 Qb6 6. Nf3 Bb5 7. Nbd2 Bxf1 8. Nxf1
Nc6 9. Rb1 cxd4 10. cxd4 Nh6 11. Ng3 Be7 12. Be3 O-O 13. O-O Rfc8 14. Qd3 Nb4
15. Qb3 Nc2 16. Qd3 Nxe3 17. Qxe3 Rc2 18. Qb3 Qxb3 19. axb3 Rac8 20. Rfd1 g6
21. Ne1 R2c6 22. Ne2 Nf5 23. Kf2 h5 24. Rd3 Bb4 25. h3 Bxe1+ 26. Kxe1 h4 27.
Kf2 a5 28. Re1 {"24. Erfurter Schachfestival Haupt"]} 0-1

[Event "24. Erfurter Schachfestival 2014 - Haup"]
[Site "Erfurt"]
[Date "2014.12.26"]
[Round "1.1"]
[White "Feicht, Arno"]
[Black "Mäder, Jürgen"]
[Result "1-0"]
[WhiteElo "2093"]
[BlackElo "1830"]
[PlyCount "60"]
[EventDate "2014.12.26"]
[EventRounds "8"]
[EventCountry "GER"]
[Source "24. ESF 2014"]
[SourceDate "2014.12.30"]

1. d4 Nf6 2. Nc3 d6 3. e4 g6 4. Bg5 Bg7 5. Qd2 c6 6. O-O-O Qc7 7. f4 e6 8. e5
Nfd7 9. Ne4 d5 10. Nd6+ Kf8 11. g4 Nb6 12. Qb4 c5 13. dxc5 N6d7 14. c6 Nxc6 15.
Qa3 Qa5 16. Qxa5 Nxa5 17. Nf3 Nc6 18. Kb1 f6 19. Bxf6 Bxf6 20. Bg2 Be7 21. Nb5
Nc5 22. Nc3 b6 23. f5 Rb8 24. Nd4 Nxd4 25. Rxd4 Rg8 26. Nb5 Rb7 27. f6 Bxf6 28.
exf6 Rf7 29. g5 Ne4 30. Nc3 Rc7 1-0

[Event "24. Erfurter Schachfestival 2014 - Haup"]
[Site "Erfurt"]
[Date "2014.12.26"]
[Round "1.2"]
[White "Markus, Nico"]
[Black "Klaus, Christian"]
[Result "0-1"]
[WhiteElo "1825"]
[BlackElo "2082"]
[PlyCount "145"]
[EventDate "2014.12.26"]
[EventRounds "8"]
[EventCountry "GER"]
[Source "24. ESF 2014"]
[SourceDate "2014.12.30"]

1. e4 g6 2. d4 Bg7 3. Nf3 d6 4. Bc4 e6 5. O-O Ne7 6. c3 b6 7. Bf4 Bb7 8. Nbd2
O-O 9. Re1 Nd7 10. Qe2 a6 11. a3 Nf6 12. h3 h6 13. Bh2 g5 14. e5 Nfd5 15. exd6
cxd6 16. Ne4 Nf4 17. Bxf4 gxf4 18. Bd3 Ng6 19. Ned2 Nh4 20. Nxh4 Qxh4 21. Nf3
Qf6 22. Be4 Bxe4 23. Qxe4 b5 24. Re2 Rfc8 25. Qd3 Rab8 26. Ne1 a5 27. Nc2 Bf8
28. Qf3 Qf5 29. Qe4 Qg5 30. Qf3 d5 31. g3 Bd6 32. g4 h5 33. Kh1 hxg4 34. Qxg4
Qxg4 35. hxg4 Kg7 36. Kg2 Rh8 37. f3 Kf6 38. Rh1 Rxh1 39. Kxh1 Rh8+ 40. Kg2 Rc8
41. Rd2 Rc4 42. Kf2 b4 43. axb4 axb4 44. Nxb4 Bxb4 45. cxb4 Rxb4 46. Kg2 Ke7
47. Kh3 Kd6 48. Kg2 Rb3 49. Kf2 Kc6 50. Rc2+ Kb5 51. Ke2 Re3+ 52. Kf2 Rb3 53.
Ke2 Re3+ 54. Kf2 Rd3 55. Rc7 Rxd4 56. Rxf7 Kc6 57. Ke2 Rb4 58. Ke1 e5 59. Rf5
Kd6 60. g5 Rxb2 61. g6 Rg2 62. Rf6+ Kc5 63. Ra6 e4 64. Ra5+ Kd4 65. Ra4+ Ke5
66. fxe4 dxe4 67. Ra5+ Kf6 68. Ra6+ Kf5 69. Ra5+ Kxg6 70. Ra4 Kf5 71. Kf1 Rh2
72. Ra6 e3 73. Ra3 0-1

[Event "24. Erfurter Schachfestival 2014 - Haup"]
[Site "Erfurt"]
[Date "2014.12.26"]
[Round "1.3"]
[White "Prüsse, Horst"]
[Black "Klinge, Sabina"]
[Result "1/2-1/2"]
[WhiteElo "2044"]
[BlackElo "1695"]
[PlyCount "78"]
[EventDate "2014.12.26"]
[EventRounds "8"]
[EventCountry "GER"]
[Source "24. ESF 2014"]
[SourceDate "2014.12.30"]

1. e4 g6 2. Nc3 Bg7 3. f4 d6 4. Bc4 e6 5. Nf3 Nd7 6. O-O Ne7 7. d3 O-O 8. Qe1
a6 9. Qh4 Nc6 10. Qg3 b5 11. Bb3 Nc5 12. Be3 Nxb3 13. axb3 Bd7 14. h4 f5 15.
Ng5 h6 16. Nf3 Qe8 17. e5 Qf7 18. Ne2 Nb4 19. Ne1 Bc6 20. Nd4 Bb7 21. Bd2 Nc6
22. Nxc6 Bxc6 23. Bc3 Bb7 24. exd6 cxd6 25. Bxg7 Qxg7 26. Qe3 Rfe8 27. d4 Be4
28. Nd3 Qb7 29. Qg3 Kh7 30. b4 Qb6 31. Qf2 Rec8 32. Ne1 Rc7 33. c3 Bd5 34. Nf3
a5 35. Rxa5 Rxa5 36. bxa5 Qxa5 37. Nd2 Qa2 38. Nb1 Be4 39. Na3 Qb3 1/2-1/2

[Event "24. Erfurter Schachfestival 2014 - Haup"]
[Site "Erfurt"]
[Date "2014.12.26"]
[Round "1.4"]
[White "Schimmer, Michael"]
[Black "Gaitzsch, Martin"]
[Result "1/2-1/2"]
[WhiteElo "1801"]
[BlackElo "2019"]
[PlyCount "78"]
[EventDate "2014.12.26"]
[EventRounds "8"]
[EventCountry "GER"]
[Source "24. ESF 2014"]
[SourceDate "2014.12.30"]

1. e4 e5 2. Nf3 Nc6 3. d4 exd4 4. Nxd4 Nf6 5. Nxc6 bxc6 6. e5 Qe7 7. Qe2 Nd5 8.
c4 Nb6 9. Nc3 Qe6 10. Bd2 a5 11. f4 Ba6 12. Qe4 Nxc4 13. O-O-O Nxd2 14. Rxd2
Bxf1 15. Rxf1 Bb4 16. Rf3 d5 17. Qd3 g6 18. f5 gxf5 19. Rxf5 Be7 20. Rdf2 Rf8
21. Ne2 Qh6+ 22. Kb1 Qxh2 23. Nf4 Qg1+ 24. Rf1 Qb6 25. e6 Rb8 26. b3 Qb5 27.
exf7+ Kd7 28. Qf3 Bd6 29. Nxd5 cxd5 30. Rxd5 Qa6 31. Rc1 Rb6 32. Qf5+ Kd8 33.
Rxa5 Qb7 34. Qf6+ Kc8 35. Qe6+ Kb8 36. Qe8+ Qc8 37. Qa4 Qb7 38. Qe8+ Qc8 39.
Qa4 Qb7 1/2-1/2

[Event "24. Erfurter Schachfestival 2014 - Haup"]
[Site "Erfurt"]
[Date "2014.12.26"]
[Round "1.5"]
[White "Siebarth, Marco"]
[Black "Mann, Jonas"]
[Result "1/2-1/2"]
[WhiteElo "2037"]
[BlackElo "1803"]
[PlyCount "121"]
[EventDate "2014.12.26"]
[EventRounds "8"]
[EventCountry "GER"]
[Source "24. ESF 2014"]
[SourceDate "2014.12.30"]

1. f4 c5 2. Nf3 d6 3. g3 Nf6 4. Bg2 g6 5. O-O Bg7 6. Nc3 O-O 7. e4 Nc6 8. h3
Rb8 9. d3 b5 10. Qe1 b4 11. Ne2 a5 12. g4 Nd7 13. Rb1 a4 14. Be3 b3 15. axb3
axb3 16. c3 Ba6 17. Nc1 Qa5 18. Nd2 Qa4 19. Bf3 c4 20. dxc4 Bxc4 21. Nxc4 Qxc4
22. Qe2 Qxe2 23. Bxe2 Nc5 24. Bxc5 dxc5 25. Nd3 c4 26. Nf2 Na5 27. Rfd1 Rfd8
28. Ra1 Rxd1+ 29. Nxd1 Rb5 30. Ra4 Rc5 31. Rb4 e5 32. Rb8+ Bf8 33. f5 f6 34.
Ne3 Kf7 35. Nd5 Bh6 36. fxg6+ hxg6 37. Nb6 Rb5 38. Nxc4 Rxb8 39. Nxa5 Bc1 40.
Nxb3 Bxb2 41. Bc4+ Kg7 42. Nc5 Bxc3 43. Ne6+ Kh6 44. Kg2 Rb2+ 45. Kf3 Be1 46.
Ke3 Rc2 47. Be2 Rc6 48. Nd8 Rc3+ 49. Bd3 Kg5 50. Ne6+ Kh4 51. Nf8 Kxh3 52. Nxg6
Kxg4 53. Ne7 Bh4 54. Kd2 Ra3 55. Be2+ Kh3 56. Bf1+ Kh2 57. Bc4 Kg2 58. Bd5 Kf2
59. Nf5 Bg5+ 60. Kc2 Kf3 61. Nd6 1/2-1/2

[Event "24. Erfurter Schachfestival 2014 - Haup"]
[Site "Erfurt"]
[Date "2014.12.26"]
[Round "1.6"]
[White "Wähner, Manuel"]
[Black "Wolf, Isaak"]
[Result "1/2-1/2"]
[WhiteElo "1749"]
[BlackElo "2053"]
[PlyCount "92"]
[EventDate "2014.12.26"]
[EventRounds "8"]
[EventCountry "GER"]
[Source "24. ESF 2014"]
[SourceDate "2014.12.30"]

1. d4 f5 2. c4 Nf6 3. Nf3 g6 4. g3 Bg7 5. Bg2 O-O 6. O-O d6 7. Nc3 Qe8 8. Re1
e5 9. dxe5 dxe5 10. e4 Nc6 11. Bg5 Nh5 12. Bc1 f4 13. b3 Bg4 14. Qd5+ Kh8 15.
Nd2 Nb4 16. Qxb7 Nc2 17. Bb2 Qf7 18. Rf1 Nxa1 19. Bxa1 Rfd8 20. Ndb1 Be6 21.
Bb2 g5 22. Nb5 f3 23. Bh1 g4 24. Qxc7 Rd7 25. Qc6 Rad8 26. Qc5 Rd1 27. N5c3
Rxf1+ 28. Kxf1 Qd7 29. Ke1 Qd3 30. Qe7 Bh6 31. Qxd8+ Qxd8 32. Nd5 Bxd5 33. exd5
Qa5+ 34. Kd1 Qxa2 35. Kc2 Bg7 36. Nc3 e4 37. Nxa2 Nf6 38. Bxf6 Bxf6 39. Kd2 Bd4
40. Ke1 Kg7 41. b4 Kf6 42. c5 Ke7 43. d6+ Kd7 44. Kf1 a6 45. Ke1 Kc6 46. Kf1
Kd7 1/2-1/2

[Event "24. Erfurter Schachfestival 2014 - Haup"]
[Site "Erfurt"]
[Date "2014.12.26"]
[Round "1.7"]
[White "Maiwald, Harald"]
[Black "Kürsten, Susanne"]
[Result "1-0"]
[WhiteElo "2062"]
[BlackElo "1805"]
[PlyCount "113"]
[EventDate "2014.12.26"]
[EventRounds "8"]
[EventCountry "GER"]
[Source "24. ESF 2014"]
[SourceDate "2014.12.30"]

1. e4 e5 2. Nf3 Nc6 3. Bb5 d6 4. d4 exd4 5. Qxd4 Bd7 6. Bxc6 bxc6 7. Nc3 c5 8.
Qd3 Be7 9. O-O Be6 10. Re1 Nf6 11. b3 O-O 12. Bb2 h6 13. Rad1 Rb8 14. Nd5 Nxd5
15. exd5 Bd7 16. Nd2 a5 17. a4 Bf6 18. Bxf6 Qxf6 19. Nc4 Bf5 20. Qd2 Qg6 21.
Ne3 Be4 22. Qxa5 Rbe8 23. Qd2 Bf3 24. Ra1 Re5 25. c4 f5 26. Kf1 f4 27. gxf3
fxe3 28. Rxe3 Rxe3 29. Qxe3 Qf6 30. Re1 Qxf3 31. Qxf3 Rxf3 32. Re3 Rf8 33. Kg2
Rb8 34. Kg3 Kf7 35. h4 Kf6 36. Kg4 g6 37. h5 gxh5+ 38. Kxh5 Rg8 39. Rf3+ Ke7
40. Kxh6 Rg1 41. Kh5 Rg2 42. Kh4 Rg1 43. Kh3 Rg8 44. Rg3 Rf8 45. Re3+ Kd7 46.
Kg3 Kc8 47. f4 Rg8+ 48. Kf3 Rf8 49. Ke4 Re8+ 50. Kd3 Rf8 51. Rf3 Kd7 52. f5 c6
53. f6 cxd5 54. cxd5 Kc7 55. f7 Kb6 56. Kc4 Ka5 57. Rf6 1-0

[Event "24. Erfurter Schachfestival 2014 - Haup"]
[Site "Erfurt"]
[Date "2014.12.26"]
[Round "1.9"]
[White "Werner, Bernd-Michael"]
[Black "Hänisch, Christoph"]
[Result "1/2-1/2"]
[WhiteElo "2074"]
[BlackElo "1877"]
[PlyCount "88"]
[EventDate "2014.12.26"]
[EventRounds "8"]
[EventCountry "GER"]
[Source "24. ESF 2014"]
[SourceDate "2014.12.30"]

1. e4 c6 2. c4 d5 3. exd5 cxd5 4. cxd5 Nf6 5. Bb5+ Nbd7 6. Nc3 g6 7. Nf3 Bg7 8.
d4 O-O 9. O-O Nb6 10. Re1 a6 11. Be2 Nbxd5 12. Ne5 Be6 13. Bf3 b5 14. Bg5 Rc8
15. Rc1 Qd6 16. Qd2 Rfd8 17. h3 Nxc3 18. bxc3 Bd5 19. Bf4 Qa3 20. Re3 Bxf3 21.
Rxf3 Qa4 22. Bg3 Ne4 23. Qf4 f5 24. Bh4 Nf6 25. Qd2 Ne4 26. Qe1 Rc7 27. g4 Bxe5
28. gxf5 Bxd4 29. fxg6 Bf6 30. Rf4 Rc4 31. f3 Bxh4 32. Rxh4 Ng5 33. gxh7+ Kf7
34. Rxc4 Qxc4 35. Qg3 Nxh7 36. Qe5 Rg8+ 37. Kh1 Nf6 38. Re1 Nd5 39. Qe6+ Kf8
40. Rd1 Rg5 41. Qh6+ Rg7 42. Qh8+ Rg8 43. Qh6+ Rg7 44. Qh8+ Rg8 1/2-1/2

[Event "24. Erfurter Schachfestival 2014 - Haup"]
[Site "Erfurt"]
[Date "2014.12.26"]
[Round "1.10"]
[White "Möller, Florian"]
[Black "Schmidt, Matthias"]
[Result "1/2-1/2"]
[WhiteElo "1748"]
[BlackElo "2024"]
[PlyCount "59"]
[EventDate "2014.12.26"]
[EventRounds "8"]
[EventCountry "GER"]
[Source "24. ESF 2014"]
[SourceDate "2014.12.30"]

1. e4 e6 2. d4 d5 3. Nd2 Nf6 4. e5 Nfd7 5. Bd3 c5 6. c3 Nc6 7. Ndf3 cxd4 8.
cxd4 Bb4+ 9. Bd2 Qb6 10. Ne2 Bxd2+ 11. Qxd2 Qb4 12. a3 Qxd2+ 13. Nxd2 f6 14. f4
a6 15. b4 b6 16. Rc1 Bb7 17. b5 axb5 18. Bxb5 Ndb8 19. Rc3 f5 20. O-O Kd7 21.
Rfc1 Rc8 22. Rb1 Ba6 23. a4 Bxb5 24. axb5 Ne7 25. Kf2 Ra5 26. Nb3 Ra2 27. Rxc8
Nxc8 28. Ke3 Na7 29. Nbc1 Ra3+ 30. Kd2 1/2-1/2

[Event "24. Erfurter Schachfestival 2014 - Haup"]
[Site "Erfurt"]
[Date "2014.12.27"]
[Round "2.1"]
[White "Körber, Christian"]
[Black "Feicht, Arno"]
[Result "0-1"]
[WhiteElo "1801"]
[BlackElo "2093"]
[PlyCount "62"]
[EventDate "2014.12.27"]
[EventRounds "4"]
[EventCountry "GER"]
[Source "24. ESF 2014"]
[SourceDate "2014.12.30"]

1. d4 f5 2. Nf3 Nf6 3. c4 g6 4. Nc3 Bg7 5. Qc2 Nc6 6. d5 Nb4 7. Qb3 a5 8. Bf4
Na6 9. Qc2 O-O 10. Rd1 Qe8 11. Nb5 d6 12. Nbd4 c5 13. Nb5 Nb4 14. Qb1 Nbxd5 15.
Nxd6 Qa4 16. Nxc8 Nxf4 17. Nxe7+ Kf7 18. g3 Kxe7 19. gxf4 Ne4 20. Bg2 Qb4+ 21.
Kf1 Bxb2 22. Qc2 a4 23. a3 Qc3 24. Qxc3 Nxc3 25. Rd3 Rfd8 26. Ne5 Rxd3 27. Nxd3
Bxa3 28. Bxb7 Rb8 29. Bc6 Rb1+ 30. Kg2 Rxh1 31. Kxh1 Bb4 0-1

[Event "24. Erfurter Schachfestival 2014 - Haup"]
[Site "Erfurt"]
[Date "2014.12.27"]
[Round "2.2"]
[White "Klaus, Christian"]
[Black "Heber, Markus"]
[Result "1-0"]
[WhiteElo "2082"]
[BlackElo "1850"]
[PlyCount "65"]
[EventDate "2014.12.26"]
[EventRounds "8"]
[EventCountry "GER"]
[Source "24. ESF 2014"]
[SourceDate "2014.12.30"]

1. e4 e6 2. d3 d5 3. Nd2 c5 4. g3 Nf6 5. Bg2 Nc6 6. Nh3 e5 7. exd5 Nxd5 8. O-O
Be6 9. Nc4 Be7 10. Re1 Bf6 11. f4 exf4 12. Bxf4 O-O 13. c3 Qd7 14. Qh5 Nde7 15.
Nf2 b6 16. Ne4 Nd5 17. Ne3 Bd8 18. Nxc5 bxc5 19. Bxd5 Bxd5 20. Qxd5 Qxd5 21.
Nxd5 Bb6 22. Rad1 Rad8 23. Nxb6 axb6 24. Bc7 Ra8 25. Bxb6 c4 26. Bc5 Rfb8 27.
Ba3 cxd3 28. Rxd3 f6 29. c4 Ne5 30. Rc3 Rd8 31. c5 Rac8 32. b4 Rd2 33. b5 1-0

[Event "24. Erfurter Schachfestival 2014 - Haup"]
[Site "Erfurt"]
[Date "2014.12.27"]
[Round "2.4"]
[White "Muuss, Klaus"]
[Black "Körber, Thomas"]
[Result "1-0"]
[WhiteElo "2035"]
[BlackElo "1912"]
[PlyCount "33"]
[EventDate "2014.12.26"]
[EventRounds "8"]
[EventCountry "GER"]
[Source "24. ESF 2014"]
[SourceDate "2014.12.30"]

1. e4 c5 2. Nf3 d6 3. d4 cxd4 4. Nxd4 Nf6 5. Nc3 a6 6. Bg5 e6 7. f4 Be7 8. Qf3
h6 9. Bh4 Nbd7 10. O-O-O g5 11. fxg5 Ne5 12. gxf6 Nxf3 13. fxe7 Qa5 14. Nxf3
Qc5 15. Kb1 b5 16. e5 d5 17. Ne4 1-0

[Event "24. Erfurter Schachfestival 2014 - Haup"]
[Site "Erfurt"]
[Date "2014.12.27"]
[Round "2.5"]
[White "Kanbach, Mike"]
[Black "Rensch, Toralf"]
[Result "1/2-1/2"]
[WhiteElo "1880"]
[BlackElo "2060"]
[PlyCount "28"]
[EventDate "2014.12.26"]
[EventRounds "8"]
[EventCountry "GER"]
[Source "24. ESF 2014"]
[SourceDate "2014.12.30"]

1. d4 Nf6 2. Nf3 e6 3. e3 b6 4. Bd3 Bb7 5. Nbd2 c5 6. c3 d5 7. Ne5 c4 8. Bc2
Nc6 9. f4 Be7 10. Qf3 b5 11. O-O g6 12. g4 Qc7 13. Rf2 Nd8 14. Rg2 Bd6 1/2-1/2

[Event "24. Erfurter Schachfestival 2014 - Haup"]
[Site "Erfurt"]
[Date "2014.12.27"]
[Round "2.6"]
[White "Eickelkamp, Jan-Hendrik"]
[Black "Flemming, Klaus"]
[Result "0-1"]
[WhiteElo "1915"]
[BlackElo "1760"]
[PlyCount "82"]
[EventDate "2014.12.26"]
[EventRounds "8"]
[EventCountry "GER"]
[Source "24. ESF 2014"]
[SourceDate "2014.12.30"]

1. c4 e6 2. g3 d5 3. Bg2 Nf6 4. Nf3 Be7 5. d4 O-O 6. c5 b6 7. b4 a5 8. O-O axb4
9. cxb6 c5 10. dxc5 Bxc5 11. Nbd2 Qxb6 12. h3 Bd7 13. Bb2 Be7 14. Nb3 Bb5 15.
Bd4 Qd8 16. Ne5 Nbd7 17. Re1 Nxe5 18. Bxe5 Nd7 19. Bb2 Bf6 20. Nd4 Bc4 21. Qd2
Qb6 22. Nb3 Ra7 23. e4 Rfa8 24. e5 Be7 25. Bd4 Nc5 26. Qe3 Bxb3 27. axb3 Rxa1
28. Bxa1 Nd7 29. Qd2 Bc5 30. Rf1 h6 31. Kh2 Ra3 32. f4 Rxb3 33. Bxd5 exd5 34.
Qxd5 Re3 35. Qxd7 Re2+ 36. Kh1 Qa6 37. Rd1 Qa2 38. Qc8+ Kh7 39. Qf5+ Kg8 40.
Qc8+ Bf8 41. Qc6 Rh2+ 0-1